Oxymorons - Statistics

General Stats
  • This quiz has been taken 8 times
  • The average score is 3 of 31
Answer Stats
Hint Answer % Correct
With one other Alone Together
57%
Peace violence Civil War
43%
Good and Bad Looking Pretty Ugly
43%
Big small Jumbo Shrimp
29%
A magazine from yesterday Old News
29%
Very well Awfully Good
14%
As in chocolate Bittersweet
14%
As in math Even Odds
14%
Not equal parts? Larger Half
14%
The thing you have to do Only Choice
14%
Unknown Clearly Misunderstood
0%
Believing in not believing Devout Athiest
0%
Not true False Fact
0%
Not moving Going Nowhere
0%
Too viscous of a liquid? Hard Cider
0%
Sick or not? Ill Health
0%
Once unknown Known Secret
0%
Audible but soft Loud whisper
0%
Water Melted Ice
0%
Outcome? Negative Income
0%
To play by yourself One-man Band
0%
Thomas Jefferson wrote Original Copy
0%
Babies drink out of Plastic Glasses
0%
Which speed? Quickly Slowing Down
0%
Irregularly done Random Order
0%
Happy or not? Sad Smile
0%
Jokingly modest Seriously Funny
0%
Wild or not? Tame Beast
0%
Not fact Unbiased Opinoin
0%
Fake animal Vegetarian Meatball
0%
Yes equal parts Whole Half
0%
No matching quizzes found
Score Distribution
Percent of People with Each Score
Percentile by Number Answered
Your Score History
You have not taken this quiz